<?xml version="1.0" encoding="UTF-8"?>
<collection xmlns="http://www.loc.gov/MARC21/slim">
 <record>
  <leader>00603pamaa2200181   4500</leader>
  <controlfield tag="001">0000027774</controlfield>
  <controlfield tag="005">20110117090000.0</controlfield>
  <controlfield tag="008">101011                             eng  </controlfield>
  <datafield tag="020" ind1="0" ind2="0">
   <subfield code="a">9831004205 (pbk.) </subfield>
  </datafield>
  <datafield tag="090" ind1="0" ind2="0">
   <subfield code="a">HG3368.A6 </subfield>
   <subfield code="b">ELS 2007</subfield>
  </datafield>
  <datafield tag="100" ind1="1" ind2="0">
   <subfield code="a">Elsefy </subfield>
  </datafield>
  <datafield tag="245" ind1="1" ind2="0">
   <subfield code="a">Islamic finance : </subfield>
   <subfield code="b">a comparative jurisprudential study  </subfield>
   <subfield code="c">Hossam Elsefy.</subfield>
  </datafield>
  <datafield tag="260" ind1="0" ind2="0">
   <subfield code="a">Kuala Lumpur: </subfield>
   <subfield code="b">Penerbit Universiti Malaya, </subfield>
   <subfield code="c">2007.</subfield>
  </datafield>
  <datafield tag="300" ind1=" " ind2=" ">
   <subfield code="a">xi, 217 p.; </subfield>
   <subfield code="c">23 cm.</subfield>
  </datafield>
  <datafield tag="650" ind1="0" ind2="0">
   <subfield code="a">Finance (Islamic law) </subfield>
  </datafield>
  <datafield tag="650" ind1="0" ind2="0">
   <subfield code="a">Islam -- </subfield>
   <subfield code="x">Economic aspects </subfield>
  </datafield>
  <datafield tag="650" ind1="0" ind2="0">
   <subfield code="a">Finance -- </subfield>
   <subfield code="x">Religious aspects -- </subfield>
   <subfield code="x">Islam </subfield>
  </datafield>
  <datafield tag="901" ind1=" " ind2=" ">
   <subfield code="u">www.um.edu.my/umpress</subfield>
  </datafield>
 </record>
</collection>
